Descorriendo el telón (Record no. 113107)

MARC details
000 -LEADER
campo de control de longitud fija 00639nam a2200181 4500
001 - NÚMERO DE CONTROL
campo de control 113107
003 - IDENTIFICADOR DE NÚMERO DE CONTROL
campo de control ES-MaACL
005 - FECHA Y HORA DE LA ÚLTIMA TRANSACCIÓN
campo de control 20250610161239.0
007 - CAMPO FIJO DE DESCRIPCIÓN FÍSICA--INFORMACIÓN GENERAL
campo de control de longitud fija t|
008 - DATOS DE LONGITUD FIJA--INFORMACIÓN GENERAL
campo de control de longitud fija 061121s1956 sp r ||||1| spa d
100 1# - ENTRADA PRINCIPAL--NOMBRE DE PERSONA
Nombre de persona Núñez y Domínguez, Roberto.
9 (RLIN) 86231
245 10 - MENCIÓN DEL TÍTULO
Título Descorriendo el telón
Resto del título : cuarenta años de teatro en México /
Mención de responsabilidad, etc. Roberto Núñez y Domínguez (`Roberto el Diablo`) ; prólogo de Tomás Borrás.
260 ## - PUBLICACIÓN, DISTRIBUCIÓN, ETC.
Lugar de publicación, distribución, etc. Madrid :
Nombre del editor, distribuidor, etc. [s. n.],
Fecha de publicación, distribución, etc. 1956 (
Fabricante Gráf. Ed. Rollán)
300 ## - DESCRIPCIÓN FÍSICA
Extensión 616 p. ;
Dimensiones 20 cm.
700 1# - ENTRADA AGREGADA--NOMBRE PERSONAL
Nombre de persona Borrás, Tomás,
Fechas asociadas al nombre 1891-1976
9 (RLIN) 30556
852 ## - LOCALIZACIÓN
Ubicación ES-MaACL
Número de control de estantería C-11815
Sublocalización o colección R.39402
Holdings
Estatus retirado Estado de pérdida Estado de daño No para préstamo Biblioteca de origen Biblioteca actual Ubicación en estantería Fecha de adquisición Fuente de adquisición Total de préstamos Signatura topográfica completa Código de barras Visto por última vez Precio de reemplazo Tipo de ítem Koha
        Biblioteca del Ateneo de Madrid Biblioteca del Ateneo de Madrid Sala Palomar 17/01/2008     C-11815 1117978 23/02/2023 23/02/2023 Libro impreso